| 000 | 00809nam a2200205Ii 4500 | ||
|---|---|---|---|
| 003 | JO-AjNU | ||
| 008 | 230605s9999||||xx |||||||||||||| ||und|| | ||
| 040 |
_aJO-AjNU _bara _erda _cJO-AjNU |
||
| 041 | _aara | ||
| 050 | 1 | 4 | _aZ665.I4376 2009 |
| 100 | 3 |
_aإعداد عليان، ربحي مصطفى، م.مشارك حسن أحمد المومني, _eauthor _959356 |
|
| 245 | 0 | 0 | _aأساسيات المكتبات والمعلومات والبحث الأكاديمي |
| 250 | _aط1 | ||
| 264 | 3 | 1 | _aعمان: اربد: جدارا للكتاب الجامعي؛ عالم الكتب الحديث، 2009 |
| 300 | _a264ص | ||
| 336 |
_atext _btxt _2rdacontent |
||
| 337 |
_aunmediated _bn _2rdamedia |
||
| 338 |
_avolume _bnc _2rdacarrier |
||
| 650 | 4 |
_aعالم المكتبات- عالم المعلومات _959357 |
|
| 999 |
_aA26706 _c30274 _d30274 |
||